Τα φαντάσματα του Έβερεστ : η αναζήτηση των Μάλορι και Ιρβάιν
Αποθηκεύτηκε σε:
| Κύριος συγγραφέας: | |
|---|---|
| Άλλοι συγγραφείς: | , , |
| Μορφή: | Βιβλίο |
| Γλώσσα: | Greek English |
| Δημοσίευση: |
Αθήνα :
Ωκεανίδα,
2001.
|
| Θέματα: | |
| Ετικέτες: |
Προσθήκη ετικέτας
Δεν υπάρχουν, Καταχωρήστε ετικέτα πρώτοι!
|
MARC
| LEADER | 00000cam a2200000 i 4500 | ||
|---|---|---|---|
| 001 | 1/79722 | ||
| 008 | 050630s2001 gr | ||| |||| ||gre|| | ||
| 020 | |a 960410229X | ||
| 035 | |l 10078833 | ||
| 040 | |a GR-MyUA |b gre |e AACR2 | ||
| 041 | 1 | |a gre |h eng | |
| 082 | 7 | |a 796.5220922 |2 (22) | |
| 100 | 1 | |a Hemmleb, Jochen, |d 1971- | |
| 245 | 1 | 3 | |a Τα φαντάσματα του Έβερεστ : |b η αναζήτηση των Μάλορι και Ιρβάιν / |c Γιόχεν Χεμλεμπ, Λάρι Α. Τζόνσον, Έρικ Ρ. Σίμονσον ; μετάφραση Κώστας Λυμπέρης. |
| 260 | |a Αθήνα : |b Ωκεανίδα, |c 2001. | ||
| 300 | |a 226 σ. : |b φωτ. ; |c 24 εκ. | ||
| 500 | |a Το χρονικό της αποστολής που ανακάλυψε τη σορό του Μάλορι όπως την αφηγήθηκαν στον Ουιλιάμ Ε. Νοθνταρφτ. | ||
| 500 | |a Τίτλος πρωτοτύπου: Ghosts of Everest. | ||
| 600 | 1 | 0 | |a Mallory, George, |d 1886-1924. |
| 600 | 1 | 0 | |a Irvine, Andrew, |d 1902-1924. |
| 611 | 2 | 0 | |a Mount Everest Expedition |d (1924) |
| 650 | 0 | |a Mountaineering |z Everest, Mount (China and Nepal) | |
| 650 | 0 | |a Mountaineers |z Great Britain |x Biography. | |
| 651 | 0 | |a Everest, Mount (China and Nepal) |x Description and travel. | |
| 700 | 1 | |a Johnson, Larry A., |d 1946- | |
| 700 | 1 | |a Simonson, Eric R. | |
| 700 | 1 | |a Λυμπέρης, Κώστας, |d 1948- |e trl | |
| 852 | |a INST |b LESVOS |e 20050630 |h 796.5220922 ΗΕΜ |p 005100027546 |q 005100027546 |t BK |y 0 | ||
| 901 | |a BIBL1-2005-2 | ||
| 922 | |a 1ΕΛΗ |b 200506 |c ΤΑΚ/ΚΥΒ |d ΕΙΡΜΟΣ | ||
| 970 | |z 2005/06/ | ||